00315nam a2200133Ia 4500008004100000020001800041041000800059082001500067100001800082245002600100260003600126300000900162500001000171220803s9999 xx 000 0 und d a9788184153873 aeng a891.46 TEJ aTej Gyan Pub. aParamhansachi Bharari aPunebTej Gyan Foundationc2014 a176p aARCHI